000 00528nam a2200217Ia 4500
003 OSt
005 20220918201623.0
006 a|||||r|||| 00| 0
007 ta
008 220917b |||||||| |||| 00| 0 eng d
024 _a95,265
037 _cTextual
040 _aARTS
_cARTS
_beng
041 _2eng
_aeng
082 _aV2:1:N3, N9
245 0 _aIndian in the love
260 _aArts
_bLibrary Arts Library
_c1999
650 _aHISTORY
942 _hV2:1:N3, N9
_cTEXL
_2CC
999 _c218888
_d218888